[Event "Politiken Cup 21st"]
[Site "Copenhagen"]
[Date "1999.07.14"]
[Round "11"]
[White "Barkhagen, Jonas"]
[Black "Aagaard, Jacob"]
[Result "1-0"]
[WhiteElo "2442"]
[BlackElo "2403"]
[Annotator "Aagaard,J"]
[PlyCount "50"]
[EventDate "1999.07.04"]
[EventType "swiss"]
[EventRounds "11"]
[EventCountry "DEN"]
[SourceTitle "EXT 2001"]
[Source "ChessBase"]
[SourceDate "2000.11.22"]
[SourceVersion "1"]
[SourceVersionDate "2000.11.22"]
[SourceQuality "1"]

1. d4 Nf6 2. c4 e6 3. Nf3 b6 4. g3 Ba6 5. Nbd2 d5 6. cxd5 exd5 7. Bg2 Be7 8.
O-O O-O 9. Ne5 Bb7 10. Ndf3 c5 11. Bf4 Na6 12. Bh3 Ne4 13. Qa4 g5 $1 14. Be3 f5
$13 15. Nc6 Bxc6 16. Qxc6 $4 Rf6 17. Qb7 b5 $4 (17... cxd4 $19) 18. Ne5 Nc7 19.
Nc6 Qd7 20. Nxe7+ Qxe7 21. dxc5 Qd8 22. Bd4 Re6 23. Bxf5 Rb8 24. Qxc7 $1 Qxc7
25. Bxe6+ Kf8 1-0

[Event "ISR-chT"]
[Site "Israel"]
[Date "1996.??.??"]
[Round "5"]
[White "Avrukh, Boris"]
[Black "Kaspi, Alexander"]
[Result "0-1"]
[WhiteElo "2495"]
[BlackElo "2475"]
[Annotator "Alterman,B"]
[PlyCount "66"]
[EventDate "1996.??.??"]
[EventType "team"]
[EventRounds "11"]
[EventCountry "ISR"]
[SourceTitle "CBM 052 Extra"]
[Source "ChessBase"]
[SourceDate "1996.07.01"]
[SourceVersion "1"]
[SourceVersionDate "1996.07.01"]
[SourceQuality "1"]

1. d4 Nf6 2. c4 e6 3. Nf3 b6 4. g3 Ba6 5. b3 Bb4+ 6. Bd2 Be7 7. Bg2 c6 8. Bc3
d5 9. Ne5 Nfd7 10. Nxd7 Nxd7 11. Nd2 O-O 12. O-O f5 13. a4 Nf6 14. e3 (14. a5
b5 (14... Bd6 15. axb6 axb6 16. Qc2 $14 {Alterman,B-Gofshtein,L/Rishon le Zion/
1994/}) 15. c5 $14) 14... Rc8 15. Re1 $6 Ne4 $1 (15... Rc7 16. a5 {Korchnoi,
V-Petrosian,T/URS/1971/0,5/42/}) 16. Nxe4 fxe4 17. Qg4 Rf6 18. Rec1 Qf8 $15 {
/\ Qf7,Rcf8} 19. Rc2 Qf7 20. Be1 h5 21. Qd1 Rf8 22. Rac1 Qg6 23. Bh3 $2 (23. b4
$1 Bxc4 (23... Bb7 $1 24. b5 c5 $15) 24. Rxc4 dxc4 25. Rxc4 h4 26. Rxc6 $132)
23... Qh6 24. b4 h4 (24... Bxc4 $2 25. Rxc4 dxc4 26. Rxc4 $44) 25. Bf1 (25. Bg2
hxg3 26. hxg3 Bd6 $17) 25... hxg3 26. hxg3 Bd6 27. Bg2 (27. b5 Bxg3 $19) 27...
Bxg3 $3 28. fxg3 Qxe3+ 29. Kh2 Rh6+ 30. Bh3 Rf1 $1 31. Rg2 Rxh3+ 32. Kxh3 Qh6+
33. Kg4 e5 $1 {/\Bc8} 0-1

[Event "Interzonal-16"]
[Site "Biel"]
[Date "1993.??.??"]
[Round "3"]
[White "Van Wely, Loek"]
[Black "Khalifman, Alexander"]
[Result "0-1"]
[WhiteElo "2585"]
[BlackElo "2645"]
[Annotator "Ambroz,J"]
[PlyCount "94"]
[EventDate "1993.07.16"]
[EventType "swiss"]
[EventRounds "13"]
[EventCountry "SUI"]
[SourceTitle "CBM 037"]
[Source "ChessBase"]
[SourceDate "1993.12.01"]
[SourceVersion "1"]
[SourceVersionDate "1993.12.01"]
[SourceQuality "1"]

1. d4 {Khalifman} Nf6 2. c4 e6 3. Nf3 b6 4. g3 Ba6 5. Nbd2 d5 6. Bg2 (6. cxd5
exd5 7. Bg2 Be7 8. O-O O-O 9. Ne5 Bb7 10. Ndf3 c5 $10 {Oll-Razuvaev, Rostov
1993}) 6... Be7 7. O-O O-O 8. b3 (8. Ne5 c5 9. Nb3 Bb7 $1 $10) (8. cxd5 exd5 9.
Ne5 c5 10. Ndf3 Ne4 $5 $10 {Razuvaev-Hjartarson, Moscow 1987}) 8... c5 $1 (8...
Bb7 9. Bb2 Nbd7 10. Qc2 Rc8 11. Rad1 c5 $10 {Lobron-Yudasin, Manila 1990}) (
8... Nbd7 9. Ne5 Bb7 10. Bb2 c5 11. cxd5 Nxd5 12. Ndc4 cxd4 $5 {
Dzindzichashvili-Polugajevski, USR 1971}) 9. Bb2 (9. Ne5 $5) 9... Nc6 10. cxd5
Nxd5 (10... exd5 $5 {Khalifman}) 11. dxc5 bxc5 (11... Bxc5 {Khalifman} 12. Ne4
Be7 13. Nd4 $1 $14 Nxd4 14. Qxd4 Nf6 15. Qa4 $1 $16) 12. Rc1 {><c5} (12. Ne5 $5
Nxe5 13. Bxe5 Rc8 (13... Qb6 14. Nc4 $14) 14. Nc4 Bf6 $5 $10) 12... Rc8 13. Re1
Qb6 14. Nc4 (14. Qc2 Nd4 15. Nxd4 cxd4 16. Nc4 Nb4 $1 17. Qe4 (17. Nxb6 Rxc2
18. Rxc2 Nxc2 19. Rc1 d3 20. exd3 Nb4 21. Nc4 Nxd3 $15) (17. Qb1 $5) 17... Bxc4
18. Rxc4 Rxc4 19. bxc4 Bc5 20. Rb1 (20. a3 d3 $132) 20... Rd8 21. a3 f5 $1 $13)
(14. Ne5 $5 Nxe5 15. Bxe5 Rfd8 16. Qc2 Bg5 $5 $13) 14... Bxc4 15. Rxc4 (15.
bxc4 Ne3 $1 $15 (15... Qxb2 16. cxd5 Rfd8 17. Rc2 {/\ e4|^})) 15... Na5 16. Rg4
$5 (16. Rc1 Nb4 (16... c4 $5) 17. a3 Rfd8 18. Nd2 Na2 $5 19. Ra1 (19. Rc2 Nxb3
20. Bxg7 Kxg7 21. Rxa2 c4 $17) 19... c4 $1 20. Rxa2 cxb3 21. Ra1 Rc2 22. Bc1 b2
$19) 16... Nf6 (16... Bf6 {Khalifman} 17. Ne5 $14) 17. Ra4 Rfd8 18. Qa1 (18.
Qb1 $5) 18... Nc6 (18... c4 19. Bc3) 19. Rc4 Na5 20. Ra4 Nc6 21. Rf4 (21. Rc4
Na5 22. Ra4 $10) 21... Nb4 22. Rc1 $6 (22. Qb1 Qa6 23. Rc4 (23. a3 Nbd5 24. Rc4
Rb8 $15) 23... Qxa2 24. Qxa2 Nxa2 25. Ra4 Nb4 26. Rxa7 Bf8 $5 $10 (26... Nc6
27. Ra6)) (22. Rc4 $14 {Khalifman}) 22... Qa6 $1 23. Rxf6 $6 (23. a3 Nbd5 24.
Rfc4 Nb6 (24... Rb8 $13 {Khalifman xb3}) 25. R4c2 c4 26. b4 Nbd5 $36) (23. Bf1
$142 Qxa2 24. Qxa2 Nxa2 25. Ra1 Nb4 26. Rxa7 Nfd5 $36 27. Rc4 Nc6 $10) 23...
gxf6 24. Bxf6 Bxf6 25. Qxf6 Qxe2 26. Ne5 (26. Qg5+ Kf8 27. Qh6+ Ke8 28. Re1 (
28. Ng5 $15 {Khalifman}) 28... Rd1 $1) (26. Bf1 Rd1 27. Rxd1 Qxd1 28. Ne5 Qh5)
26... Rd1+ 27. Rxd1 Qxd1+ 28. Bf1 Qh5 29. Qf4 (29. g4 $143 Nd5 $1 $19) (29. Bc4
Nd5 (29... Qf5 $1 {Khalifman} 30. Qxf5 exf5 31. Nxf7 Kg7 $15) 30. Bxd5 Qd1+ (
30... exd5 $2 31. g4 $1) 31. Kg2 Qxd5+ 32. Kh3 Rc7 (32... Qb7 33. Qg5+ Kf8 34.
Qh6+ Ke8 35. Qxh7 $44) 33. Ng4 h5 $17) (29. Be2 {Khalifman} Qf5 $19) 29... Qf5
30. Qe3 Nc2 31. Qc3 Nd4 32. f4 Qe4 $19 33. Bd3 Ne2+ 34. Bxe2 Qxe2 35. Qa5 Qd1+
36. Kf2 Rd8 37. Nc4 Qc2+ 38. Kf3 Qd1+ 39. Kf2 Rd3 40. Kg2 Qf3+ 41. Kh3 Qf1+ 42.
Kg4 Qf3+ 43. Kg5 (43. Kh3 {Khalifman} Qxf4 $19) 43... Kg7 44. Qc7 h6+ 45. Kh4
Qe2 46. Kh3 Rd5 47. Ne5 Qh5+ 0-1

[Event "Tilburg"]
[Site "Tilburg"]
[Date "1991.??.??"]
[Round "4"]
[White "Karpov, Anatoly"]
[Black "Kortschnoj, Viktor Lvovich"]
[Result "1/2-1/2"]
[WhiteElo "2730"]
[BlackElo "2610"]
[Annotator "Anand,V"]
[PlyCount "80"]
[EventDate "1991.10.??"]
[EventType "tourn"]
[EventRounds "14"]
[EventCountry "NED"]
[EventCategory "17"]
[SourceTitle "CBM 026"]
[Source "ChessBase"]
[SourceDate "1992.02.01"]
[SourceVersion "1"]
[SourceVersionDate "1992.02.01"]
[SourceQuality "1"]

1. d4 {Schussler} Nf6 2. c4 e6 3. Nf3 b6 4. g3 Ba6 5. b3 Bb4+ 6. Bd2 Be7 7. Bg2
c6 8. Bc3 d5 9. Ne5 (9. Nbd2 Nbd7 10. O-O O-O 11. Re1 c5 12. e4 dxc4 13. Nxc4 {
Karpov-Khalifman}) 9... Nfd7 10. Nxd7 Nxd7 11. Nd2 Rc8 12. O-O O-O 13. e4 c5
14. exd5 exd5 15. dxc5 dxc4 16. c6 cxb3 17. Re1 (17. Nc4 b2 18. Bxb2 Bxc4 19.
Qg4 Bf6 20. Bxf6 Qxf6 21. Qxc4 Ne5 22. Qa6 Nf3+ $10 (22... Nf3+ {Schussler} 23.
Bxf3 Qxf3 $10 {Now a well-known drawing-line - see Nikolic,Pr-Khalifman,A,
Reykjavik 1991 (CBM 26/game 687).})) 17... Bb5 18. axb3 $1 Bxc6 19. Bxc6 Rxc6
20. Rxa7 Nf6 (20... Rxc3 21. Nb1 Rc7 22. Rxc7 Qxc7 23. Rxe7 Rd8 24. Qd5 $18) (
20... Bf6 21. Ne4 $16) 21. Qf3 Qd5 $2 (21... Rc7 $1 22. Rxc7 Qxc7 23. Nc4) 22.
Rexe7 Qxf3 23. Nxf3 Rxc3 24. Ng5 $40 Rxb3 25. Nxf7 Re8 26. Reb7 Re1+ 27. Kg2
Ne8 28. Rb8 Rd3 29. f4 Re6 30. h4 (30. Ne5 $18 Rxe5 31. fxe5) 30... Re2+ 31.
Kh3 $2 h5 32. Ne5 Rd1 $3 $10 33. Rxe8+ Kh7 34. g4 Re3+ 35. Kg2 Rd2+ 36. Kf1 Rh3
37. Kg1 Rg3+ 38. Kf1 Rh3 39. Kg1 Rg3+ 40. Kf1 Rh3 1/2-1/2

[Event "Madrid Magistral 7th"]
[Site "Madrid"]
[Date "1998.05.11"]
[Round "1"]
[White "Anand, Viswanathan"]
[Black "Adams, Michael"]
[Result "1-0"]
[WhiteElo "2770"]
[BlackElo "2670"]
[Annotator "Anand,V"]
[PlyCount "77"]
[EventDate "1998.05.11"]
[EventType "tourn"]
[EventRounds "9"]
[EventCountry "ESP"]
[EventCategory "17"]
[SourceTitle "CBM 065"]
[Source "ChessBase"]
[SourceDate "1998.08.06"]
[SourceVersion "1"]
[SourceVersionDate "1998.08.06"]
[SourceQuality "1"]

1. d4 Nf6 2. Nf3 e6 3. c4 b6 4. g3 Ba6 5. b3 Bb7 (5... Bb4+ {Anand,V-Adams,M/
Wijk aan Zee/1998}) 6. Bg2 Bb4+ 7. Bd2 a5 8. O-O O-O 9. Qc2 d6 10. Bg5 (10. Nc3
) 10... a4 11. Nc3 Bxc3 (11... axb3 12. axb3 Rxa1 13. Rxa1 Nbd7 14. Na2 Ba3 15.
Nc1 Bxc1 16. Qxc1 $14) 12. Qxc3 Nbd7 (12... Ne4 13. Qd3 $1 (13. Bxd8 Nxc3 14.
Bxc7 Nxe2+ 15. Kh1 axb3 16. axb3 Rxa1 17. Rxa1 Bxf3 18. Bxf3 Nxd4 19. Bd1 $14 {
^^}) 13... Qc8 14. d5 $14) (12... h6 13. Bxf6 Qxf6 14. b4 $14 {>< Pa4}) 13. b4
h6 14. Bc1 (14. Bxf6 Nxf6) 14... b5 $1 15. cxb5 Nb6 16. Ba3 (16. Ne1 Bxg2 17.
Nxg2 Nfd5 (17... Qd7 18. Qd3) 18. Qd2 (18. Qd3 Nxb4 19. Qd2 N4d5 $13) 18... Nc4
{/\ Ndb6, d5}) 16... Rc8 $1 (16... Qd7 $2 17. Ne5 $1 $16) (16... Be4 17. Ne1
Nfd5 18. Qc6 $1 Bxg2 19. Nxg2 $14) 17. Nd2 $2 (17. Ne1 $1 Bxg2 18. Nxg2 Nfd5
19. Qd3 f5 20. Rab1 {/\ Bc1-d2, Rfc1, f3, e4}) 17... Bxg2 18. Kxg2 Nfd5 19. Qd3
f5 20. Rac1 (20. Nf3 Qd7 21. Rab1 Rb8 22. Bc1 $11) 20... Qd7 21. e3 Rb8 22. f3
$6 f4 23. gxf4 Rxf4 24. e4 (24. Kh1 Rf6) 24... Nf6 25. Kh1 Rf8 26. Rg1 Nh5 $2 (
26... d5 $1 27. e5 Nh7 $1 $15 {/\ Nc4, Ng5}) 27. Rc6 Rh4 $2 (27... R4f7 $1 $13)
28. Bc1 Nf4 29. Qc2 Rf7 30. Nf1 d5 31. e5 $1 Nc4 32. Ne3 Nh3 33. Rg3 Ng5 34.
Ng4 $6 (34. Qd1 $1 $16) 34... Rxf3 (34... Rf5 $1 35. Bxg5 hxg5 36. Qxa4 Qf7 $1
37. Qd1 $1 (37. Qa8+ Kh7 38. Nf6+ $2 Rxf6 39. exf6 Qh5 $17) 37... Rxg4 38. Rxg4
Rxf3 39. Rg1 Qf5 $44) 35. Bxg5 Rxg3 36. Nf6+ $1 gxf6 37. Bxh4 (37. Qg6+ Qg7 38.
Qxg7+ Kxg7 39. Bxh4) 37... Rg4 38. Bxf6 Ne3 39. Rxc7 $1 (39. Rxc7 Nxc2 40. Rxd7
Rxd4 41. b6 Rxb4 42. b7 $18) 1-0

[Event "EU-ch 6th"]
[Site "Warsaw"]
[Date "2005.06.22"]
[Round "5"]
[White "Aronian, Levon"]
[Black "Huzman, Alexander"]
[Result "1-0"]
[WhiteElo "2693"]
[BlackElo "2577"]
[Annotator "Aronian,L"]
[PlyCount "121"]
[EventDate "2005.06.18"]
[EventType "swiss"]
[EventRounds "13"]
[EventCountry "POL"]
[SourceTitle "CBM 108"]
[Source "ChessBase"]
[SourceDate "2005.09.26"]
[SourceVersion "1"]
[SourceVersionDate "2005.09.26"]
[SourceQuality "1"]

1. d4 Nf6 2. c4 e6 3. Nf3 {Interestingly, before the game I was going to play
3.g3, but then changed my mind for some reason (possibly the speed of my
opponent's play worried me) and I decided to play a popular line which I had
looked at before the tournament.} b6 4. g3 Ba6 5. b3 Bb4+ 6. Bd2 Be7 7. Nc3 O-O
8. Rc1 {After this move, my opponent thought for 20 minutes, which could not
but please me. But once he started playing at blitz speed again, I realised
that this was just a matter of choosing which variation to play, and not the
confusion for which I had hoped.} d5 {In this quite fresh position, Black has
played the move 8...c6, which seems dubious to me, and also the exotic 8...Ba3
9.Rc2 Nc6!? which is hardly likely to find many followers as bold as its
inventor. Another option is 8...Bb7.} 9. cxd5 exd5 {If my database is to be
believed, this move is a novelty. Admittedly, thanks to my stereotyped play,
the game soon reaches almost a standard position from the line with 7.Bg2 d5} (
{After} 9... Nxd5 {an interesting position can arise if White follows in the
footsteps of the main inspiration for this variation Topalov:} 10. Nxd5 exd5
11. Bg2 Re8 12. Rc2 Bd6 13. Bg5 Bb4+ 14. Kf1 {When analysing the position, I
came to the conclusion that if the Black player does not know it, it would be
hard to find the best reply. However, some people have been put off this whole
variation for White precisely by the move 11...Re8. Mind you, I am not sure
that the quiet 10.Bg2 can bring very much. Van Wely tried the original 11.Bh3,
and maybe that is where White should seek something?}) 10. Bg2 {Surprised by
my opponent's previous move, I spent 7 minutes in this obvious reply.} Bb7 {
Not being familiar with the subtleties of these positions, I thought my
opponent wanted to advance c5, and therefore refrained from 10.Bh3 in order to
keep the d5-pawn under observation. But whether the bishop is better on h3 or
g2 is a question that is difficult to answer.} 11. O-O Nbd7 {Here I thought
for 10 minutes. I somehow wanted to put my knight on e5, but I did not like
the simple 11...Re8 12.Bf4 Nf8, Furthermore, at the back of my mind was a game
of Botvinnik against Lundin, in which the Patriarch won as Black precisely
because in a similar position, his opponent started jumping forward with his
pieces, and was gradually driven back. Then I decided to play e4 at some point
and as a preliminary, to put the rooks on e1 and d1.} 12. Qc2 {I did not play
12.Nh4 because I did not see what to do after 12..g6.} Re8 13. Bf4 {I do not
know how to explain this move. The bishop is no better here than on d2.} ({
I did not like} 13. Rfe1 {because of} Nf8 14. Ne5 Ne6 {and the need to play e3
did not fit in with my aggressive plans. I look at various ideas to meet Nf8
by Nh4, but in all lines, things are complicated by the dark-square weaknesses
on the queenside. Overall, given that I cannot suggest anything for White in
this position, one must conclude hat Black has no problems.}) 13... c6 14. Rcd1
{After 8 minutes thought, I decided on this move after calculating the
variation 14...Nf8 15.e4 Nxe4 16.Nxe4 dxe4 17.Qxe4 Bb4 18.Qf5 and thanks to
the threat of Ne5, Black does not get to take the rook on f1. Only after
playing my move did I notice that after 14...Bb4 White probably has nothing
better than 15.Bd2, since the alternative 15.Rfe1 looks very dubious. Even so,
one can only marvel at the solidity of White's position in these closed
openings! Even after a series of second-rate moves, he is still OK.} Nh5 {
A standard move in this type of position, although with the pawn on b3, I
believe Black has other better options.} (14... Nf8 15. e4 Nxe4 16. Nxe4 dxe4
17. Qxe4 Bb4 18. Qf5) (14... Bb4 15. Bd2 (15. Rfe1)) 15. Kh1 ({After} 15. Bc1 {
I thought} Bb4 {would follow, and then for example} 16. e3 Nhf6 {. In the game,
I wanted to avoid such positions, where Black has easy play, and so after 12
minutes' thought, I decided on the strange, even rather stupid-looking text,
with the idea of sharpening the game.}) 15... Bb4 {Testing the seriousness of
my intentions.} 16. e3 {Now I did not want to consider other moves and decided
to place the bishop in its trap. In the game, this dubious idea prevailed.} Qe7
({A solid move, which does not spoil the picture, but it would be better to
increase the tension with} 16... h6 {White would have to play very accurately
in order not to fall into a difficult position. I thought about} 17. Ne2 {
and if} g5 {then} 18. g4 {with a sharp position in all variations. For example}
Nxf4 ({On} 18... Nhf6 19. Bg3 Nxg4 20. h3 Ngf6 21. Ne5 {with the idea of f4
gives White compensation}) ({, or} 18... gxf4 19. gxh5 fxe3 20. Bh3) 19. exf4
Ba6 20. Ng3 Bxf1 21. Bxf1 gxf4 22. Nf5 {and despite the material deficit, I
like White's position. So it may be that there is no direct refutation of the
idea with e3.}) 17. Ne2 h6 {The main cause of all Black's troubles.} ({Better
was} 17... Ba6 {which after what I thought was the forced line} 18. Rg1 Qe4 19.
Qb2 {gives Black a comfortable position after} Qe6 ({the trick} 19... Bxe2 20.
Qxe2 Nxf4 21. gxf4 Qxf4 {does not do Black any favours after} 22. Ne5 Rxe5 23.
dxe5 Qxe5 24. Bxd5 cxd5 25. Qg4 {. After} Bd6 26. Qg2 {we reach a surprising
position in which despite Black's apparent advantage, he is actually on the
verge of defeat, because of the problem in repulsing White's threats.}) 20. Ne5
Nhf6 {. Now finally the poorly-placed White pieces begin to tell.}) 18. Ne5
Nxe5 {Maybe the cautious move 18...Qe6 was better, since hunting down the
bishop is interesting, but brings Black to the edge of defeat.} 19. dxe5 {
Opening a route for the knight.} g5 (19... f6 {does not bring any relief.
White has the resource} 20. Bf3 Nxf4 21. exf6 Qxf6 22. gxf4 {and probably
White's play on the g-file, and the associated attack, gives him the advantage.
}) 20. Nd4 gxf4 {But this is unnecessary. There was no need to hurry with this
capture. He should immediately employ the same idea as in the game.} ({After} 
20... Ng7 {Black has a reasonable position, since after the relatively best}
21. Nxc6 Qc5 22. Qxc5 Bxc5 23. Bxd5 a5 {Black has his trumps and
counterchances.}) 21. gxf4 {Now I think White's attack is worth more than the
piece.} Ng7 {An attempt to buy White off with the c6-pawn, but it is already
too late. The attack develops unstoppably.} 22. Rg1 Kh8 23. Bf3 ({Here I
avoided the tempting, but incorrect} 23. Bxd5 {I did not like} cxd5 24. Rxg7
Kxg7 25. Nf5+ Kh8 26. Nxe7 Rxe7 {and Black suddenly has attacking chances
himself.}) 23... Rg8 24. Rg3 Ne6 (24... Qd7 {does not help the defence,
because after} 25. Rdg1 {Black does have the move} Ne6 {in view of} 26. Qf5
Rxg3 27. Rxg3 Qe7 28. Rh3 {and Black is in a bad way.}) 25. Rh3 {This is the
correct move-order,} ({since after} 25. Nf5 {Black has the chance to bale out
with} Rxg3 26. Nxe7 Rxf3 {, although here too, Black only just survives after
the computer move} 27. Ng6+ {.}) 25... Rg6 26. Nf5 ({Here too, grabbing
material by} 26. f5 {would give Black some hope after} Ng5 27. Rh4 c5 28. fxg6
cxd4 {.}) ({Admittedly, those more inclined towards the technical phase of the
game would prefer} 26. Nxe6 Rxe6 27. f5 {but it seemed to me that mate was not
far off.}) 26... Qf8 (26... Qc5 {is not very effective, since after} 27. Qb1 {
all the old problems with the king remain.}) 27. Bh5 {Here I started to relax,
thinking that the game was over, and I almost regretted it.} Kh7 28. Nxh6 {
The computer move 28.Nh4, with the idea of f5, is very strong. I was not yet
thinking of such fanciful measures.} Qxh6 29. Rg1 {Here many roads lead to
Rome, and it seemed to me that I had chosen the most effective. I had
calculated that after 29.Rg1 Rg8 20.Qf5 Black would have to resign. But my
opponent replied...} Kh8 {...which came as rather a shock. It is terrible to
have to admit it, but the move Kh8 had escaped my attention altogether, and I
was very lucky that I still have...} 30. Rxg6 fxg6 31. Bg4 {after which all is
well.} Qxh3 32. Bxh3 Nf8 33. f5 {Black is now killed by the bad position of
his king.} Re8 34. f4 gxf5 ({Here I looked at the attempt to break out by} 
34... c5 {but after the simple} 35. fxg6 Kg7 (35... d4+ 36. Bg2 Bxg2+ 37. Qxg2
{and the threat on g7 does not give Black any breathing space.}) 36. Qf5 {
the queen breaks into the black position with deadly effect.}) 35. Qxf5 Nh7 36.
Qd7 ({Although I was obsessed by ideas of pushing the pawns after} 36. Qh5 Re7
37. Bf5 c5 38. Bxh7 Rxh7 39. Qe8+ Kg7 40. f5 {(I missed the idea of going
after the bishop with 40.Qb8), I decided to remove the bishop from the board.})
36... Re7 37. Qd8+ Kg7 38. Bc8 Bxc8 (38... Bc5 {was possibly more stubborn,
although also losing after} 39. Bxb7 Rxb7 40. Qc8 Rf7 41. Qxc6 Bxe3 42. e6 Rxf4
43. Qd7+) 39. Qxc8 Bc5 ({Equally hopeless is} 39... c5 40. Qc6 d4 41. Qd6) 40.
Qxc6 Bxe3 41. Qd6 {Maybe 41.f5 is simpler, but I was secretely hoping for 41...
Rf7 42.e6 with a triumphal march of the pawns.} Bc5 42. Qxd5 Nf8 {Hoping to
reach Q v R+B, which is not easy to win.} 43. f5 Nd7 44. b4 {This little
refinement decides things. Now taking on b4 loses the bishop after f6, whilst
44...Re5 after 45.Qd7+ Be7 46.Qa7 is also hopeless.} Nxe5 45. bxc5 bxc5 46.
Qxc5 {The rest is easy and requires little more than care, which I managed.}
Kf6 47. Qd6+ Kf7 48. h4 Nd7 49. Qg6+ Kf8 50. Qh6+ Kf7 51. Qg6+ Kf8 52. h5 Rf7
53. Qd6+ Kg8 54. Qg6+ Rg7 55. Qe6+ Rf7 56. h6 Kf8 57. Qd6+ Ke8 58. Kg2 Nf8 59.
f6 Rd7 60. Qc6 Kf7 61. Qxd7+ 1-0